00667nam a22001937a 450000500170000000800410001701000150005802000230007303500130009603700130010904000130012210000030013524501210013826000780025927000490033730000260038650000400041270000210045220100913140548.0100913t xxu||||| |||| 00| 0 eng d aENG-101482 a8185835608c420.00 aEN-85015 bDBAD/PUB adplbEng  aEconomic cooperation and infrastructural linkages between two Punjabs :bway ahead /cby Sucha Singh Gill...[et al] aChandigarhbCentre for Research in Rural and Industrial Developmentc2010 aSector 19-A, Madhya MargbChandigarhe160019v aviii,155p.c24cm (Hb) aIncludes bibliographical references aGill,Sucha Singh